[Event "IND-ch (Women) 48th"]
[Site "Hatkanangale"]
[Date "2023.01.02"]
[Round "8"]
[White "Prabhu, Trupti"]
[Black "Meetali, Thadani"]
[Result "1-0"]
[WhiteElo "1286"]
[BlackElo "1107"]
[PlyCount "63"]
[EventDate "2022.12.26"]
[EventType "swiss"]
[EventRounds "11"]
[EventCountry "IND"]
[SourceTitle "CBM 212 Extra"]
[Source "ChessBase"]
[SourceDate "2023.03.31"]
[SourceVersion "1"]
[SourceVersionDate "2023.03.31"]
[SourceQuality "1"]

1. e4 e5 2. Nf3 Nc6 3. Bb5 a6 4. Ba4 Nf6 5. Qe2 Be7 6. c3 d6 7. 0-0 b5 8. Bb3 Na5 9. Bc2 c5 10. d4 exd4 11. cxd4 0-0 12. Rd1 Qc7 13. e5 Nd7 14. Qe4 g6 15. Nc3 Bb7 16. Nd5 Bxd5 17. Qxd5 Nb6 18. exd6 Bxd6 19. Qg5 Be7 20. Qh6 f6 21. b3 cxd4 22. Nxd4 Rf7 23. Bb2 Bc5 24. Rac1 Bf8 25. Qh3 Qb7 26. Ne6 Rc8 27. Nd8 Qe7 28. Nxf7 Qxf7 29. Bxg6 Qxg6 30. Rxc8 Nxc8 31. Qxc8 h5 32. Ba3 1-0